000 00886cam a2200313 i 4500
001 0000499
003 DO-SdBPM
005 20250107122808.0
007 0000499
008 100514s 1987 sp |||| 000 f spa
015 _a
017 _a
_b
020 _a8440200285
035 _a
040 _aDO-SdBPM
_bspa
_cBPMSU
_e
080 _a
082 4 _a843.8
_bV531J 1987
_222
100 1 _aVerne, Julio,
_d1828-1905
240 1 3 _aLe pilote du Danube
_lEspañol
245 1 0 _aJulio Verne :
_bEl piloto del Danubio /
_cJulio Verne ; traducción editorial Molino
_h
260 _aBarcelona:
_bEdiciones Orbis,
_c1987.
300 _a245 p. :
_bil. ;
_c20 cm
490 0 _aJulio Verne,
_v45
590 _aInventariado, 2025/VM
650 4 _aNovela juvenil francesa
650 4 _aLiteratura juvenil francesa
910 _aVMateo V. Control de calidad. BPMSU
942 _2ddc
_cBK
999 _c10742
_d10742